[Event "Paks Atom Cup GM 2nd"]
[Site "?"]
[Date "1997.??.??"]
[Round "7"]
[White "Petronic Jovan"]
[Black "Kogan Artur"]
[Result "0-1"]
[WhiteElo "2455"]
[BlackElo "2515"]
[PlyCount "86"]
[EventDate "1997.??.??"]
[Source "www.chesslib.no"]
[SourceDate "2004.05.04"]

1. d4 Nf6 2. Nf3 e6 3. e3 b6 4. Bd3 d5 5. c4 Ba6 6. b3 Bb4+ 7. Nbd2 c5 8. Bb2 cxd4 9. exd4 Nc6 10. O-O O-O 11. Qe2 Rc8 12. Rac1 Qe7 13. Ne5 Bxd2 14. Qxd2 dxc4 15. bxc4 Nxe5 16. dxe5 Nd7 17. Qe2 Rfd8 18. Rc3 g6 19. Ba3 Nc5 20. Bc2 Rd4 21. Rd1 Qd7 22. h3 Rd8 23. Re1 Rd2 24. Qe3 Qc6 25. Bc1 R2d4 26. Qh6 Qe8 27. Be3 Rxc4 28. Rxc4 Bxc4 29. Bg5 Rd5 30. Bf6 Qf8 31. Qh4 Bd3 32. Bb3 Rd7 33. Rc1 a5 34. Bg5 h5 35. Bd1 Qb8 36. f4 Ne4 37. Ba4 b5 38. Bc2 Qc7 39. f5 Bxc2 40. fxe6 fxe6 41. Bf6 Qc5+ 42. Kh2 Rd2 43. Qxe4 Bxe4 0-1

[Event "Predeal op"]
[Site "?"]
[Date "1997.??.??"]
[Round "5"]
[White "Negulescu Adrian"]
[Black "Ionescu Constantin"]
[Result "1/2-1/2"]
[WhiteElo "2450"]
[BlackElo "2515"]
[PlyCount "23"]
[EventDate "1997.??.??"]
[Source "www.chesslib.no"]
[SourceDate "2004.05.04"]

1. d4 Nf6 2. Nf3 e6 3. e3 c5 4. Be2 b6 5. O-O Bb7 6. c4 Be7 7. Nc3 cxd4 8. Nxd4 a6 9. Bf3 Qc7 10. Bxb7 Qxb7 11. Qf3 Qxf3 12. Nxf3 1/2-1/2

[Event "Oslo"]
[Site "?"]
[Date "2006.11.10"]
[Round "1"]
[White "Fyllingen Roy Harald"]
[Black "Johannessen Leif Erlend"]
[Result "0-1"]
[WhiteElo "2405"]
[BlackElo "2551"]
[PlyCount "64"]
[EventDate "2006.??.??"]
[Source "www.chesslib.no"]
[SourceDate "2004.05.04"]

1. d4 Nf6 2. Nf3 e6 3. e3 b6 4. Nbd2 Bb7 5. Bd3 c5 6. c3 cxd4 7. exd4 Be7 8. O-O O-O 9. Qe2 a6 10. a4 d6 11. Re1 Nbd7 12. Nf1 Re8 13. Ng3 Bf8 14. Bg5 h6 15. Be3 Qc7 16. Rad1 e5 17. dxe5 dxe5 18. Bc2 b5 19. axb5 axb5 20. Nh4 b4 21. cxb4 Bxb4 22. Rc1 Qa5 23. Red1 e4 24. Bb3 Ba6 25. Rxd7 Nxd7 26. Qg4 Ne5 27. Qxe4 Bd2 28. Rd1 Bxe3 29. fxe3 Rad8 30. Qc2 Rxd1+ 31. Qxd1 Rd8 32. Qc1 Qd2 0-1

[Event "St Petersburg op"]
[Site "St Petersburg"]
[Date "1994.??.??"]
[Round "1"]
[White "Zarubin, Pavel"]
[Black "Aseev, Konstantin N"]
[Result "0-1"]
[WhiteElo "2410"]
[BlackElo "2545"]
[PlyCount "82"]
[EventDate "1994.02.??"]
[Source "ChessBase"]

1. d4 Nf6 2. Nf3 e6 3. e3 b6 4. Nbd2 Bb7 5. Bd3 d5 6. b3 c5 7. Bb2 cxd4 8. exd4 Be7 9. O-O O-O 10. Qe2 Nc6 11. a3 Re8 12. Rfe1 Bf8 13. Ne5 Nxe5 14. dxe5 Nd7 15. Bd4 Nc5 16. Bb5 Re7 17. b4 Nd7 18. Nf3 Nb8 19. Bd3 Rc7 20. Be3 Be7 21. Nd4 g6 22. Nb5 Rd7 23. Bf4 Ba6 24. Rad1 Nc6 25. Qf3 Bf8 26. Qg3 Bxb5 27. Bxb5 Rc8 28. Ba6 Rcc7 29. Bg5 Be7 30. Bxe7 Qxe7 31. Bb5 Rd8 32. Qb3 a5 33. c3 Qg5 34. g3 Nxe5 35. f4 Nf3+ 36. Kf2 Qf6 37. Re3 Nxh2 38. Be2 h5 39. bxa5 bxa5 40. Qb6 Rdc8 41. c4 Rxc4 0-1

[Event "Cappelle la Grande (France)"]
[Site "?"]
[Date "2004.02.29"]
[Round "2"]
[White "Wirig Anthony"]
[Black "Slobodjan Roman"]
[Result "1/2-1/2"]
[WhiteElo "2408"]
[BlackElo "2544"]
[PlyCount "40"]
[EventDate "2004.??.??"]
[Source "www.chesslib.no"]
[SourceDate "2004.05.04"]

1. d4 Nf6 2. Nf3 e6 3. e3 b6 4. b3 Bb7 5. Bb2 c5 6. Nbd2 d5 7. Bd3 Nc6 8. a3 Bd6 9. O-O O-O 10. dxc5 Bxc5 11. c4 a5 12. cxd5 exd5 13. Ne4 Re8 14. Nd4 Ba6 15. Bb5 Qd7 16. Qf3 Rxe4 17. a4 Bxd4 18. Bxd4 Bc8 19. Rfc1 Nxd4 20. Rc7 Nxb5 1/2-1/2

[Event "It (open)"]
[Site "Thun (Switzerland)"]
[Date "2007.05.28"]
[Round "6"]
[White "Gerber Richard (SUI)"]
[Black "Sokolov Andrei (FRA)"]
[Result "0-1"]
[WhiteElo "2368"]
[BlackElo "2584"]
[PlyCount "80"]
[EventDate "2007.??.??"]
[Source "www.chesslib.no"]
[SourceDate "2004.05.04"]

1. d4 Nf6 2. Nf3 e6 3. e3 b6 4. Bd3 d5 5. O-O Bd6 6. c4 O-O 7. Nc3 Bb7 8. cxd5 exd5 9. b3 Nbd7 10. Bb2 a6 11. Ne2 Ne4 12. Ng3 Nxg3 13. hxg3 Nf6 14. Ne5 Ne4 15. Qc2 f5 16. a4 Qe7 17. Nc6 Qg5 18. Rfe1 Nxf2 19. Kxf2 Qxg3+ 20. Kf1 f4 21. Be2 fxe3+ 22. Bf3 Bxc6 23. Rxe3 Bd7 24. Ba3 Bg4 25. Qf2 Qxf2+ 26. Kxf2 Bxa3 27. Rxa3 Bxf3 28. gxf3 c5 29. a5 cxd4 30. Rd3 b5 31. Rxd4 Rf5 32. b4 Rc8 33. Rad3 Rd8 34. Rc3 Rd6 35. Rg4 h5 36. Rc8+ Kh7 37. Rg1 Rdf6 38. Rg3 g5 39. Ke3 h4 40. Rh3 Rf4 0-1

[Event "TCh-BIH"]
[Site "Jahorina"]
[Date "2003.06.24"]
[Round "6"]
[White "Kurajica, Bojan"]
[Black "Privalov, Y."]
[Result "1-0"]
[WhiteElo "2551"]
[BlackElo "2400"]
[PlyCount "73"]
[EventDate "2003.06.21"]
[Source "Roberto Alvarez"]
[SourceDate "2003.07.07"]

1. d4 Nf6 2. Nf3 e6 3. e3 c5 4. Bd3 Be7 5. O-O Nc6 6. a3 b6 7. b3 Bb7 8. Bb2 O-O 9. c4 cxd4 10. exd4 d5 11. Nbd2 Rc8 12. Rc1 Qd6 13. c5 Qb8 14. b4 a6 15. Qe2 Nd7 16. cxb6 Qa8 17. Nb3 Nxb6 18. Nc5 Nb8 19. Nxe6 Bf6 20. Nxf8 Rxf8 21. Ne5 Nc4 22. Rfe1 g6 23. Nxc4 dxc4 24. Be4 c3 25. Bxb7 Qxb7 26. Rxc3 Bxd4 27. Rc4 Bxb2 28. Qxb2 Nc6 29. Qc3 Nd8 30. h4 Qd5 31. Rc5 Qd6 32. h5 Ne6 33. h6 Qd7 34. Rc6 Nd4 35. Rc7 Qg4 36. Rc4 Nf3+ 37. Qxf3 1-0

[Event "B Cienfue"]
[Site "Casablanca B Cienfue"]
[Date "1996.??.??"]
[Round "9"]
[White "Bellon Lopez, Juan Manuel"]
[Black "Galego, Luis"]
[Result "1/2-1/2"]
[WhiteElo "2505"]
[BlackElo "2445"]
[PlyCount "70"]
[EventDate "1996.??.??"]
[Source "www.chesslib.no"]
[SourceDate "2004.05.04"]

1. d4 Nf6 2. Nf3 e6 3. e3 c5 4. Bd3 Be7 5. O-O O-O 6. b3 Nc6 7. a3 d6 8. Bb2 a6 9. c4 h6 10. Qe2 Qc7 11. Nc3 b6 12. Rac1 Bb7 13. Rfd1 Rac8 14. Bb1 Na5 15. Nd2 Qb8 16. d5 exd5 17. Nxd5 Bxd5 18. cxd5 b5 19. Qf3 Qb7 20. Ne4 Nxe4 21. Qxe4 g6 22. Qd3 b4 23. a4 Qd7 24. e4 Bg5 25. Qg3 c4 26. Bd3 Nc6 27. Re1 Ne7 28. Qg4 Qxa4 29. Rc3 Ra8 30. Ba1 Qb5 31. Bb2 Bf4 32. e5 Rae8 33. Rf1 Qc5 34. Qd7 h5 35. Qf5 Nxd5 1/2-1/2

[Event "San Martin"]
[Site "San Martin"]
[Date "1995.??.??"]
[Round "10"]
[White "Soppe, Guillermo"]
[Black "Larsen, Bent"]
[Result "1/2-1/2"]
[WhiteElo "2445"]
[BlackElo "2505"]
[PlyCount "51"]
[EventDate "1995.03.??"]
[Source "ChessBase"]

1. d4 Nf6 2. Nf3 e6 3. e3 c5 4. Bd3 Nc6 5. O-O Be7 6. b3 b6 7. Bb2 Bb7 8. c4 cxd4 9. exd4 d5 10. Nbd2 Rc8 11. Qe2 O-O 12. Rac1 g6 13. Rfd1 a5 14. Nf1 a4 15. Ne3 axb3 16. axb3 Na5 17. Nd2 Bb4 18. Nef1 Re8 19. Qe3 Bf8 20. Be2 Bg7 21. h3 Nd7 22. Nf3 Qe7 23. Ne5 Nxe5 24. dxe5 dxc4 25. bxc4 Ba6 26. Qxb6 1/2-1/2

[Event "Capablanca mem-B"]
[Site "Cienfuegos"]
[Date "1996.??.??"]
[Round "9"]
[White "Bellon Lopez, Juan Manuel"]
[Black "Galego, Luis"]
[Result "1/2-1/2"]
[WhiteElo "2505"]
[BlackElo "2445"]
[PlyCount "70"]
[EventDate "1996.05.??"]
[Source "ChessBase"]

1. d4 Nf6 2. Nf3 e6 3. e3 c5 4. Bd3 Be7 5. O-O O-O 6. b3 Nc6 7. a3 d6 8. Bb2 a6 9. c4 h6 10. Qe2 Qc7 11. Nc3 b6 12. Rac1 Bb7 13. Rfd1 Rac8 14. Bb1 Na5 15. Nd2 Qb8 16. d5 exd5 17. Nxd5 Bxd5 18. cxd5 b5 19. Qf3 Qb7 20. Ne4 Nxe4 21. Qxe4 g6 22. Qd3 b4 23. a4 Qd7 24. e4 Bg5 25. Qg3 c4 26. bxc4 Nxc4 27. Rxc4 Rxc4 28. h4 Qxa4 29. Rf1 Rc2 30. Bxc2 Qxc2 31. Ba1 Bd2 32. Qxd6 Qxe4 33. Qxa6 Bc3 34. h5 gxh5 35. Qxh6 Qxd5 1/2-1/2

[Event "It (open)"]
[Site "Biel (Switzerland)"]
[Date "2007.07.31"]
[Round "8"]
[White "Suvrajit Saha (IND)"]
[Black "Pavlovic Milos (SCG)"]
[Result "0-1"]
[WhiteElo "2405"]
[BlackElo "2541"]
[PlyCount "94"]
[EventDate "2007.??.??"]
[Source "www.chesslib.no"]
[SourceDate "2004.05.04"]

1. d4 Nf6 2. Nf3 e6 3. e3 c5 4. Bd3 cxd4 5. exd4 Nc6 6. O-O Be7 7. c3 O-O 8. Re1 b6 9. Nbd2 Bb7 10. Ne5 Qc7 11. Qe2 a6 12. f4 b5 13. a3 Nd5 14. Ndf3 f5 15. Nxc6 Bxc6 16. Ne5 Bb7 17. a4 b4 18. c4 Nf6 19. b3 Ne4 20. Bb2 Rf6 21. Rac1 Bd6 22. c5 Bxe5 23. fxe5 Rg6 24. c6 Bxc6 25. Bxe4 fxe4 26. Rf1 Qd8 27. Qe3 Bd5 28. Rce1 Rc8 29. Rc1 h6 30. Rxc8 Qxc8 31. Rc1 Qd8 32. Rc5 Qh4 33. Rc8+ Kh7 34. Rc2 Bxb3 35. Re2 Bxa4 36. Qxe4 Qxe4 37. Rxe4 Bc6 38. Re2 a5 39. g3 a4 40. Kf2 Rg5 41. Ke3 a3 42. Bc1 Rf5 43. Rf2 Rxf2 44. Kxf2 Bd5 45. Ke3 Kg6 46. Kf4 Kh5 47. h4 g6 0-1

[Event "Elenite-B"]
[Site "Elenite"]
[Date "1994.??.??"]
[Round "3"]
[White "Popchev, Milko"]
[Black "Donchev, Dimitar I"]
[Result "1/2-1/2"]
[WhiteElo "2465"]
[BlackElo "2480"]
[PlyCount "25"]
[EventDate "1994.??.??"]
[Source "www.chesslib.no"]
[SourceDate "2004.05.04"]

1. d4 e6 2. Nf3 Nf6 3. e3 c5 4. Bd3 Nc6 5. O-O b6 6. b3 Bb7 7. Bb2 Rc8 8. a3 Be7 9. Nbd2 O-O 10. c4 cxd4 11. exd4 d5 12. Qe2 Re8 13. Rfe1 1/2-1/2

[Event "Mondariz Cerrado-A"]
[Site "?"]
[Date "2002.12.22"]
[Round "8"]
[White "Narciso Dublan Marc"]
[Black "Cheparinov Ivan"]
[Result "1-0"]
[WhiteElo "2467"]
[BlackElo "2473"]
[PlyCount "119"]
[EventDate "2002.??.??"]
[Source "www.chesslib.no"]
[SourceDate "2004.05.04"]

1. d4 Nf6 2. Nf3 e6 3. e3 c5 4. Bd3 Be7 5. O-O O-O 6. dxc5 Bxc5 7. e4 d6 8. a3 Nc6 9. b4 Bb6 10. Nbd2 Ne7 11. Nc4 Bc7 12. Nxd6 Bxd6 13. e5 Bxe5 14. Nxe5 Ng6 15. Bb2 b6 16. Qf3 Qd5 17. Qxd5 exd5 18. Rfe1 Nf4 19. Nc6 Nxd3 20. cxd3 Be6 21. Bxf6 gxf6 22. Rac1 Rfe8 23. Kf1 Kf8 24. Nd4 Bd7 25. Rc7 Rxe1+ 26. Kxe1 Ke8 27. Nc6 a5 28. b5 Rc8 29. Rxc8+ Bxc8 30. Kd2 Kd7 31. Kc3 Kd6 32. Nd4 Bd7 33. a4 Bg4 34. f3 Bd7 35. Ne2 Kc5 36. d4+ Kd6 37. Ng3 f5 38. Nh5 f4 39. Nxf4 Bf5 40. g4 Bd7 41. Kd3 f6 42. Ke3 Be8 43. h4 h6 44. Ne2 Bg6 45. Nc3 Bc2 46. Kf4 Ke6 47. g5 fxg5+ 48. hxg5 hxg5+ 49. Kxg5 Bb3 50. f4 Bc2 51. f5+ Bxf5 52. Nxd5 Bc2 53. Nxb6 Bb3 54. Kf4 Kd6 55. Ke4 Bc2+ 56. Ke3 Bb3 57. Kd3 Kc7 58. Kc3 Bd1 59. Nd5+ Kd6 60. Ne3 1-0

[Event "BL2-S 9596"]
[Site "GER"]
[Date "1996.??.??"]
[Round "?"]
[White "Bogdanovich, Grigory"]
[Black "Pinter, Jozsef"]
[Result "0-1"]
[WhiteElo "2375"]
[BlackElo "2560"]
[PlyCount "64"]
[EventDate "1995.10.??"]
[Source "www.chesslib.no"]
[SourceDate "2004.05.04"]

1. d4 Nf6 2. Nf3 e6 3. e3 g6 4. Nbd2 Bg7 5. b3 O-O 6. Bb2 b6 7. Bd3 Bb7 8. Qe2 Nd5 9. a3 c5 10. c4 Ne7 11. O-O Nbc6 12. Ne5 cxd4 13. exd4 d5 14. Ndf3 Na5 15. Nd2 dxc4 16. bxc4 Rc8 17. Rac1 Nec6 18. Qe3 Qe7 19. f4 Rfd8 20. Rc2 Rc7 21. Rfc1 Nxe5 22. fxe5 Qh4 23. Nf3 Bxf3 24. Qxf3 Nb3 25. g3 Nxd4 26. Qf2 Qg4 27. h3 Qf3 28. Bxd4 Qxd3 29. Rd2 Qxa3 30. Rc3 Qf8 31. Rcd3 Rcd7 32. Qe3 Bh6 0-1

[Event "Leningrad"]
[Site "Leningrad"]
[Date "1989.??.??"]
[Round "?"]
[White "Bagirov, Vladimir"]
[Black "Kochyev, Alexander"]
[Result "1/2-1/2"]
[WhiteElo "2460"]
[BlackElo "2475"]
[PlyCount "39"]
[EventDate "1989.06.??"]
[Source "ChessBase"]

1. d4 Nf6 2. Nf3 e6 3. e3 c5 4. b3 Nc6 5. Bb2 d5 6. Bd3 Bd6 7. a3 O-O 8. Nbd2 b6 9. Ne5 Bb7 10. O-O Ne7 11. Qf3 Ng6 12. Qh3 cxd4 13. Nxg6 hxg6 14. exd4 Nh5 15. g3 a5 16. a4 Ba6 17. Bxa6 Rxa6 18. Rfe1 Ra7 19. Qf1 Rc7 20. c3 1/2-1/2

[Event "Cup Felix (open)"]
[Site "Felix Spa (Romania)"]
[Date "2007.05.27"]
[Round "4"]
[White "Nanu Ciprian-Costica (ROM)"]
[Black "Cioara Andrei Nestor (ROM)"]
[Result "1/2-1/2"]
[WhiteElo "2509"]
[BlackElo "2426"]
[PlyCount "44"]
[EventDate "2007.??.??"]
[Source "www.chesslib.no"]
[SourceDate "2004.05.04"]

1. d4 Nf6 2. Nf3 e6 3. e3 c5 4. Bd3 cxd4 5. exd4 b6 6. O-O Bb7 7. Re1 Be7 8. c4 O-O 9. b3 d6 10. Bb2 Nbd7 11. Nbd2 Re8 12. b4 Bf8 13. Qb3 Qc7 14. Rac1 Rad8 15. Ne4 Nxe4 16. Bxe4 Bxe4 17. Rxe4 Qb7 18. Re3 g6 19. Rce1 Qa8 20. h4 Nf6 21. Ng5 Bg7 22. Rf3 d5 1/2-1/2

[Event "FRA-ch"]
[Site "France"]
[Date "1996.??.??"]
[Round "7"]
[White "Bricard, Emmanuel"]
[Black "Lepelletier, Benoit"]
[Result "0-1"]
[WhiteElo "2475"]
[BlackElo "2460"]
[PlyCount "78"]
[EventDate "1996.??.??"]
[Source "ChessBase"]

1. d4 Nf6 2. Nf3 e6 3. e3 c5 4. Bd3 b6 5. O-O cxd4 6. exd4 Be7 7. c4 O-O 8. Nc3 Bb7 9. a3 d5 10. Re1 dxc4 11. Bxc4 Nc6 12. Ba2 Qd7 13. Be3 Rad8 14. Qe2 Ng4 15. Rad1 Nxe3 16. Qxe3 Bf6 17. d5 Bxc3 18. Qxc3 Ne7 19. dxe6 Qxd1 20. exf7+ Kh8 21. Rxd1 Rxd1+ 22. Ne1 Nd5 23. Qe5 Nf4 24. Qe7 Ng6 25. Qe2 Ra1 26. Bc4 Bxg2 27. f4 Bf3 28. Qe8 Bc6 29. Qe6 Nxf4 30. Qd6 Ng6 31. Kf2 Be4 32. h4 Rc1 33. Qe6 b5 34. Bxb5 Rc5 35. Be8 Re5 36. Qd7 Re7 37. Qa4 Bd5 38. Qb4 Rexe8 39. h5 Rxf7+ 0-1

[Event "Novi Sad ol (Men)"]
[Site "Novi Sad YUG"]
[Date "1990.??.??"]
[Round "12"]
[White "Franco Ocampos, Zenon"]
[Black "Muco, Fatos"]
[Result "1/2-1/2"]
[WhiteElo "2495"]
[BlackElo "2440"]
[PlyCount "112"]
[EventDate "1990.11.??"]
[Source "www.chesslib.no"]
[SourceDate "2004.05.04"]

1. d4 Nf6 2. Nf3 e6 3. e3 c5 4. c4 cxd4 5. exd4 d5 6. Nc3 Nc6 7. c5 Ne4 8. Qc2 Nxc3 9. Qxc3 a5 10. Bb5 Bd7 11. O-O Be7 12. Bf4 O-O 13. Rfe1 Bf6 14. Bxc6 Bxc6 15. Qe3 Re8 16. Rac1 Be7 17. Rc3 Bf8 18. Ne5 a4 19. Qh3 Bb5 20. Nxf7 Kxf7 21. Qxh7 e5 22. Bxe5 Ra6 23. Rf3+ Rf6 24. Ree3 Be7 25. Rg3 Rg8 26. Ref3 Qa5 27. h3 Qe1+ 28. Kh2 Qe4 29. Qh5+ Kf8 30. Rg4 Be8 31. Rxf6+ Bxf6 32. Bd6+ Be7 33. Bxe7+ Qxe7 34. Qxd5 Bf7 35. Rf4 g5 36. Rf5 g4 37. Qe5 Qxe5+ 38. Rxe5 gxh3 39. Kxh3 Bxa2 40. d5 Kf7 41. g4 Rh8+ 42. Kg3 Rh1 43. d6 Be6 44. Re4 Rc1 45. Rxa4 Rxc5 46. f4 Rd5 47. Rb4 b5 48. f5 Bd7 49. Kf4 Kf6 50. Re4 Rxd6 51. g5+ Kf7 52. Ke5 Rd2 53. b4 Bc8 54. Rf4 Rd8 55. Rh4 Kg7 56. Rh6 Bxf5 1/2-1/2

[Event "Osen II"]
[Site "Alushta"]
[Date "2003.??.??"]
[Round "14"]
[White "Belikov, Vladimir"]
[Black "Bakre, Tejas"]
[Result "1-0"]
[WhiteElo "2499"]
[BlackElo "2434"]
[PlyCount "123"]
[EventDate "2003.09.27"]
[Source "Roberto Alvarez"]
[SourceDate "2003.10.06"]

1. d4 Nf6 2. Nf3 e6 3. e3 b6 4. Bd3 d5 5. b3 Ba6 6. c4 Bb4+ 7. Nbd2 O-O 8. O-O Nbd7 9. Bb2 Bb7 10. Rc1 Rc8 11. cxd5 exd5 12. Ne5 Nxe5 13. dxe5 Ne4 14. Nf3 Qe7 15. Qc2 Ba3 16. Bxa3 Qxa3 17. Nd4 g6 18. f4 c5 19. Nb5 Qa5 20. Rfd1 Rfd8 21. Qb2 a6 22. e6 axb5 23. exf7+ Kxf7 24. Bxe4 dxe4 25. f5 gxf5 26. Qe5 Rd2 27. Rf1 Kg8 28. Rxf5 Rxg2+ 29. Kxg2 Qd2+ 30. Kh3 Qxe3+ 31. Kh4 Qxc1 32. Qe6+ Kh8 33. Qe5+ Kg8 34. Qe6+ Kh8 35. Qf6+ Kg8 36. Rg5+ Qxg5+ 37. Qxg5+ Kf7 38. Qf5+ Ke8 39. Qe6+ Kd8 40. Qd6+ Ke8 41. Qxb6 Bc6 42. Qxc5 Kd7 43. Qf5+ Kc7 44. Qxh7+ Kb6 45. Qh6 Rd8 46. Qe3+ Kb7 47. Kg4 Rg8+ 48. Kf4 Rf8+ 49. Ke5 Rf3 50. Qe2 Rh3 51. Kd6 Rh6+ 52. Kc5 Rh4 53. Qf2 Rh5+ 54. Kb4 Re5 55. Qf4 Re8 56. Kc5 Bd7 57. Qe3 Bc6 58. h4 Re5+ 59. Kb4 Rf5 60. Ka5 Kc7 61. Qc3 Kd7 62. h5 1-0

[Event "Weihnachts op-A 23th"]
[Site "Zuerich"]
[Date "1999.12.27"]
[Round "3"]
[White "Novkovic, Milan"]
[Black "Miezis, Normunds"]
[Result "0-1"]
[WhiteElo "2407"]
[BlackElo "2524"]
[PlyCount "76"]
[EventDate "1999.12.26"]
[Source "ChessBase"]
[SourceDate "2000.01.11"]

1. d4 Nf6 2. Nf3 e6 3. e3 c5 4. c4 a6 5. Nc3 cxd4 6. exd4 d5 7. cxd5 exd5 8. Be2 Nc6 9. O-O Bd6 10. Bg5 Be6 11. Re1 O-O 12. Rc1 h6 13. Bh4 Bf4 14. Ra1 Re8 15. Bg3 Bxg3 16. hxg3 Bg4 17. Qb3 b5 18. Rad1 Qd6 19. Nh2 Bf5 20. a3 Rad8 21. Nf1 Na5 22. Qa2 Bc2 23. Rd2 Bg6 24. Rdd1 Nc4 25. Bf3 Bc2 26. Rc1 Be4 27. b4 Re6 28. Qb3 Rde8 29. a4 Qd7 30. Ra1 Bc2 31. Rxe6 Bxb3 32. Rxa6 bxa4 33. Nxa4 Bxa4 34. R6xa4 Qb5 35. Kh2 Nb6 36. R4a2 Qxb4 37. Rd1 Nc4 38. Nd2 Nb2 0-1

[Event "Sparkassen op-A"]
[Site "?"]
[Date "2000.07.15"]
[Round "9"]
[White "Savchenko Viacheslav"]
[Black "Zagrebelny Sergey"]
[Result "1-0"]
[WhiteElo "2392"]
[BlackElo "2536"]
[PlyCount "73"]
[EventDate "2000.??.??"]
[Source "www.chesslib.no"]
[SourceDate "2004.05.04"]

1. d4 Nf6 2. Nf3 e6 3. e3 b6 4. Be2 Bb7 5. O-O d5 6. b3 Bd6 7. Bb2 Nbd7 8. Ne5 O-O 9. Nd2 c5 10. f4 Rc8 11. Rf3 Qe7 12. Rh3 Rfe8 13. Bd3 Nf8 14. Ng4 Ne4 15. Qe2 Nxd2 16. dxc5 bxc5 17. Qxd2 c4 18. Rg3 Ng6 19. Bxg6 hxg6 20. Bd4 a6 21. Ne5 Qc7 22. h4 cxb3 23. cxb3 Qc2 24. Qe1 Qe4 25. h5 g5 26. h6 gxh6 27. Ng4 Kf8 28. Rd1 gxf4 29. Nf6 Qf5 30. Rg8+ Ke7 31. Qh4 Rxg8 32. Nxg8+ Kd7 33. Nf6+ Kc7 34. Rc1+ Bc6 35. Qe1 Kd8 36. Qa5+ Ke7 37. Qxa6 1-0

[Event "Regensburg op"]
[Site "Regensburg"]
[Date "1996.??.??"]
[Round "3"]
[White "Piskov, Yury"]
[Black "Schmidt, Peter"]
[Result "1-0"]
[WhiteElo "2520"]
[BlackElo "2405"]
[PlyCount "53"]
[EventDate "1996.01.??"]
[Source "ChessBase"]

1. d4 Nf6 2. Nf3 e6 3. e3 c5 4. c4 cxd4 5. exd4 d5 6. a3 Be7 7. Nc3 O-O 8. Be3 dxc4 9. Bxc4 Nbd7 10. O-O Nb6 11. Bd3 Bd7 12. Ne5 Bc6 13. Nxc6 bxc6 14. Rc1 Qd6 15. Qf3 Nbd5 16. Na4 Rfc8 17. Nc5 a5 18. Rc2 Qb8 19. Bc1 Bf8 20. Re1 Qb6 21. g4 Qd8 22. g5 Nd7 23. Bxh7+ Kxh7 24. Qxf7 Nxc5 25. Rc3 Nxc3 26. Qh5+ Kg8 27. g6 1-0

[Event "Mexico City Open"]
[Site "Mexico City MEX"]
[Date "1991.??.??"]
[Round "6"]
[White "Sieiro-Gonzalez, Luis"]
[Black "Rodriguez Cespedes, Amador"]
[Result "0-1"]
[WhiteElo "2390"]
[BlackElo "2530"]
[PlyCount "57"]
[EventDate "1991.07.??"]
[Source "www.chesslib.no"]
[SourceDate "2004.05.04"]

1. d4 Nf6 2. Nf3 e6 3. e3 c5 4. Bd3 Nc6 5. b3 Qc7 6. a3 b6 7. O-O Bb7 8. Bb2 Be7 9. c4 d5 10. cxd5 exd5 11. dxc5 bxc5 12. Nbd2 O-O 13. Rc1 Nd7 14. Qc2 a6 15. e4 Nce5 16. exd5 Bxd5 17. Bxh7+ Kh8 18. Be4 Nxf3+ 19. Nxf3 Bxe4 20. Qxe4 Nf6 21. Qc4 Qb7 22. Ne5 Bd6 23. Rfd1 Rad8 24. Rd3 Qc7 25. f4 Kg8 26. Rcd1 Rfe8 27. h3 Re6 28. f5 Ree8 29. Rxd6 0-1

[Event "YUG-chT 52nd"]
[Site "?"]
[Date "2000.08.24"]
[Round "1"]
[White "Kosic Dragan"]
[Black "Kostic Vladimir"]
[Result "1-0"]
[WhiteElo "2515"]
[BlackElo "2405"]
[PlyCount "53"]
[EventDate "2000.??.??"]
[Source "www.chesslib.no"]
[SourceDate "2004.05.04"]

1. d4 Nf6 2. Nf3 e6 3. e3 c5 4. Bd3 cxd4 5. exd4 Nc6 6. O-O Be7 7. Re1 O-O 8. c3 b6 9. Nbd2 Bb7 10. a4 Rc8 11. Ng5 d5 12. Ndf3 h6 13. Nh3 Re8 14. Ne5 Bf8 15. Nf4 Nxe5 16. dxe5 Ne4 17. Nh5 Qh4 18. Be3 Kh8 19. g3 Qd8 20. Qg4 g6 21. Nf4 h5 22. Nxh5 gxh5 23. Qxh5+ Kg8 24. Qg4+ Kh8 25. Bxe4 dxe4 26. Bg5 Be7 27. Qh4+ 1-0

[Event "ROM-chT"]
[Site "?"]
[Date "1998.??.??"]
[Round "5"]
[White "Negulescu Adrian"]
[Black "Stoica Valentin"]
[Result "1/2-1/2"]
[WhiteElo "2445"]
[BlackElo "2470"]
[PlyCount "29"]
[EventDate "1998.??.??"]
[Source "www.chesslib.no"]
[SourceDate "2004.05.04"]

1. d4 Nf6 2. Nf3 e6 3. e3 b6 4. Be2 Bb7 5. O-O Be7 6. c4 O-O 7. Nc3 d5 8. cxd5 Nxd5 9. Nxd5 Qxd5 10. b3 c5 11. Bb2 cxd4 12. Qxd4 Bf6 13. Qxd5 Bxd5 14. Bxf6 gxf6 15. Rac1 1/2-1/2

[Event "Forli Open"]
[Site "Forli"]
[Date "1991.??.??"]
[Round "3"]
[White "Malaniuk, Vladimir P"]
[Black "Langeweg, Kick"]
[Result "1-0"]
[WhiteElo "2500"]
[BlackElo "2415"]
[PlyCount "91"]
[EventDate "1991.09.??"]
[Source "www.chesslib.no"]
[SourceDate "2004.05.04"]

1. d4 Nf6 2. Nf3 e6 3. e3 c5 4. Bd3 Nc6 5. O-O b6 6. c4 g6 7. Nc3 Bg7 8. d5 Nb4 9. Be2 O-O 10. e4 exd5 11. cxd5 d6 12. Re1 Na6 13. h3 Bb7 14. Bf4 Nc7 15. Rc1 Nh5 16. Bg5 Bf6 17. Be3 Re8 18. Bd3 Bg7 19. Qd2 Ba6 20. Bb1 Nb5 21. Nd1 Qd7 22. Bc2 Re7 23. a4 Nc7 24. b4 Rae8 25. bxc5 bxc5 26. Rb1 Bc8 27. Nc3 Ba6 28. Bg5 Bf6 29. Bxf6 Nxf6 30. Qh6 Rd8 31. Rbd1 Nfe8 32. e5 dxe5 33. Nxe5 Qd6 34. Nc6 Rxe1+ 35. Rxe1 Rd7 36. Be4 Nf6 37. Bf3 Bb7 38. Nb5 Nxb5 39. axb5 a6 40. bxa6 Bxa6 41. g4 Qf8 42. Qf4 Qd8 43. Qa4 Bb7 44. g5 Nxd5 45. Re8+ Kg7 46. Bxd5 1-0

[Event "Julian Borowski-B"]
[Site "Essen"]
[Date "2000.04.28"]
[Round "2"]
[White "Doettling, Fabian"]
[Black "Seul, Georg"]
[Result "1/2-1/2"]
[WhiteElo "2477"]
[BlackElo "2436"]
[PlyCount "40"]
[EventDate "2000.04.27"]
[Source "ChessBase"]
[SourceDate "2000.07.27"]

1. d4 Nf6 2. Nf3 e6 3. e3 g6 4. Bd3 d5 5. Nbd2 Bg7 6. e4 c5 7. dxc5 Nbd7 8. exd5 Nxd5 9. Bb5 O-O 10. Bxd7 Bxd7 11. O-O Qe7 12. c4 Nb4 13. Ne4 Bc6 14. Qe2 Na6 15. Rb1 Bxe4 16. Qxe4 Nxc5 17. Qc2 e5 18. b4 Na6 19. Bb2 Rfd8 20. Rfe1 f6 1/2-1/2

[Event "ch-AUS"]
[Site "Adelaide"]
[Date "2004.01.08"]
[Round "9"]
[White "Bjelobrk, Igor"]
[Black "Rogers, Ian"]
[Result "0-1"]
[WhiteElo "2338"]
[BlackElo "2574"]
[PlyCount "84"]
[EventDate "2003.12.06"]
[Source "Roberto Alvarez"]
[SourceDate "2004.01.19"]

1. d4 Nf6 2. Nf3 e6 3. e3 b6 4. Be2 Bb7 5. O-O Be7 6. b3 O-O 7. Bb2 d6 8. c4 c5 9. Nc3 a6 10. Qc2 Nbd7 11. Rfd1 Ra7 12. e4 cxd4 13. Nxd4 Qa8 14. f3 Qb8 15. Kh1 Re8 16. Qd2 Ba8 17. Bf1 Ne5 18. Re1 Rd7 19. Rad1 Ng6 20. Qf2 Bd8 21. Nc2 h5 22. g3 Qb7 23. a4 Be7 24. Bg2 h4 25. Rd2 Qc7 26. Red1 hxg3 27. hxg3 Kh7 28. Bf1 Rh8 29. Kg2 Kg8 30. Be2 d5 31. exd5 Bc5 32. Qe1 Nh5 33. Rd4 exd5 34. cxd5 Bxd4 35. Rxd4 Bxd5 36. Bc4 Bxc4 37. Rxc4 Qd8 38. Bc1 Re7 39. Qg1 Ne5 40. Rd4 Qc8 41. Bd2 Nxg3 42. Kxg3 Qh3+ 0-1